Normal view
MARC view
- Kimmel Tom
Entry Personal Name
001 - CONTROL NUMBER
- control field: 18756
003 - CONTROL NUMBER IDENTIFIER
- control field: IT-RoPau
005 - DATE AND TIME OF LATEST TRANSACTION
- control field: 20140405204400.0
008 - FIXED-LENGTH DATA ELEMENTS
- fixed length control field: 140405|| aca||aabn | a|a d
040 ## - CATALOGING SOURCE
- Original cataloging agency: IT-RoPau
- Transcribing agency: IT-RoPau
100 ## - HEADING--PERSONAL NAME
- Personal name: Kimmel Tom
- Miscellaneous information: Codice autore musica SPICS: 22342
- Relator term: Autore musica
- Name of part/section of a work: A To Z
670 ## - SOURCE DATA FOUND
- Source citation: Work cat.: (IT-RoPau)99563: AA.VV. 794, Cocker